[Event "DEM U16 2023"]
[Site "Willingen GER"]
[Date "2023.06.01"]
[Round "7"]
[White "Fuhrmann, Bahne"]
[Black "Englert, Luca"]
[Result "1/2-1/2"]
[Termination "normal"]
[Board "9"]
[WhiteElo "2066"]
[BlackElo "2109"]
[WhiteClock "00:34:03"]
[BlackClock "00:55:26"]
[PlyCount "114"]
[WhiteFideId "16244842"]
[BlackFideId "16293088"]
[EventCountry "GER"]
[EventRounds "9"]
[EventType "swiss"]
[EventDate "2023.05.27"]

1. d4 {[%clk 01:30:59]} d5 {[%clk 01:30:53]} {[%emt 00:00:09]} 2. c4 {[%clk
01:31:26]} {[%emt 00:00:02]} c6 {[%clk 01:31:18]} {[%emt 00:00:05]} 3. Nf3
{[%clk 01:31:53]} {[%emt 00:00:03]} Nf6 {[%clk 01:31:43]} {[%emt 00:00:05]} 4.
g3 {[%clk 01:32:20]} {[%emt 00:00:02]} e6 {[%clk 01:31:38]} {[%emt 00:00:36]}
5. Bg2 {[%clk 01:32:43]} {[%emt 00:00:07]} Nbd7 {[%clk 01:32:02]} {[%emt
00:00:06]} 6. O-O {[%clk 01:32:57]} {[%emt 00:00:17]} Bd6 {[%clk 01:31:54]}
{[%emt 00:00:37]} 7. Nc3 {[%clk 01:33:21]} {[%emt 00:00:06]} O-O {[%clk
01:32:17]} {[%emt 00:00:07]} 8. Nd2 {[%clk 01:33:49]} {[%emt 00:00:02]} Re8
{[%clk 01:32:06]} {[%emt 00:00:42]} 9. e4 {[%clk 01:33:18]} {[%emt 00:01:00]}
dxe4 {[%clk 01:32:30]} {[%emt 00:00:06]} 10. Ndxe4 {[%clk 01:33:39]} {[%emt
00:00:09]} Be7 {[%clk 01:31:56]} {[%emt 00:01:04]} 11. Qc2 {[%clk 01:26:27]}
{[%emt 00:07:42]} e5 {[%clk 01:29:47]} {[%emt 00:02:39]} 12. d5 {[%clk
01:14:22]} {[%emt 00:12:35]} cxd5 {[%clk 01:28:17]} {[%emt 00:02:00]} 13. cxd5
{[%clk 01:11:14]} {[%emt 00:03:37]} Nxe4 {[%clk 01:27:42]} {[%emt 00:01:06]}
14. Nxe4 {[%clk 01:09:35]} {[%emt 00:02:09]} Nb6 {[%clk 01:24:25]} {[%emt
00:03:47]} 15. Rd1 {[%clk 00:54:07]} {[%emt 00:15:58]} Bg4 {[%clk 01:21:35]}
{[%emt 00:03:19]} 16. f3 {[%clk 00:53:42]} {[%emt 00:00:56]} Rc8 {[%clk
01:21:13]} {[%emt 00:00:52]} 17. Qd3 {[%clk 00:52:23]} {[%emt 00:01:49]} Bf5
{[%clk 01:16:38]} {[%emt 00:05:03]} 18. d6 {[%clk 00:47:03]} {[%emt 00:05:51]}
Bf8 {[%clk 01:15:24]} {[%emt 00:01:41]} 19. b3 {[%clk 00:45:08]} {[%emt
00:02:27]} Rc6 {[%clk 01:12:11]} {[%emt 00:03:43]} 20. Ba3 {[%clk 00:38:46]}
{[%emt 00:06:52]} Re6 {[%clk 01:08:17]} {[%emt 00:04:24]} 21. Rac1 {[%clk
00:37:41]} {[%emt 00:01:36]} Rxc1 {[%clk 01:02:30]} {[%emt 00:06:17]} 22. Rxc1
{[%clk 00:37:54]} {[%emt 00:00:17]} h6 {[%clk 01:00:21]} {[%emt 00:02:39]} 23.
Qd2 {[%clk 00:34:44]} {[%emt 00:03:40]} Bxe4 {[%clk 00:48:29]} {[%emt
00:12:22]} 24. fxe4 {[%clk 00:35:08]} {[%emt 00:00:06]} Bxd6 {[%clk 00:48:53]}
{[%emt 00:00:06]} 25. Rd1 {[%clk 00:24:37]} {[%emt 00:11:00]} Nc8 {[%clk
00:49:15]} {[%emt 00:00:08]} 26. Bh3 {[%clk 00:21:38]} {[%emt 00:03:29]} Qb6+
{[%clk 00:49:09]} {[%emt 00:00:36]} 27. Kg2 {[%clk 00:20:14]} {[%emt 00:01:54]}
Bxa3 {[%clk 00:48:15]} {[%emt 00:01:24]} 28. Qd8+ {[%clk 00:19:38]} {[%emt
00:01:07]} Bf8 {[%clk 00:48:31]} {[%emt 00:00:13]} 29. Qxc8 {[%clk 00:17:41]}
{[%emt 00:02:27]} Rc6 {[%clk 00:46:42]} {[%emt 00:02:20]} 30. Qd7 {[%clk
00:16:27]} {[%emt 00:01:43]} Qe3 {[%clk 00:44:50]} {[%emt 00:02:18]} 31. Qd3
{[%clk 00:14:23]} {[%emt 00:02:39]} Qxd3 {[%clk 00:43:24]} {[%emt 00:01:55]}
32. Rxd3 {[%clk 00:14:43]} {[%emt 00:00:10]} Rc2+ {[%clk 00:43:51]} {[%emt
00:00:04]} 33. Kf3 {[%clk 00:13:03]} {[%emt 00:02:10]} Rxa2 {[%clk 00:43:45]}
{[%emt 00:00:35]} 34. Rd7 {[%clk 00:12:17]} {[%emt 00:01:16]} b5 {[%clk
00:42:35]} {[%emt 00:01:40]} 35. Rd5 {[%clk 00:10:37]} {[%emt 00:02:11]} b4
{[%clk 00:42:59]} {[%emt 00:00:05]} 36. Bf1 {[%clk 00:10:20]} {[%emt 00:00:48]}
a5 {[%clk 00:32:40]} {[%emt 00:10:48]} 37. Bc4 {[%clk 00:08:14]} {[%emt
00:02:37]} Ra3 {[%clk 00:28:09]} {[%emt 00:05:01]} 38. Rd7 {[%clk 00:01:33]}
{[%emt 00:07:10]} a4 {[%clk 00:28:31]} {[%emt 00:00:08]} 39. Bxf7+ {[%clk
00:01:46]} {[%emt 00:00:17]} Kh7 {[%clk 00:28:36]} {[%emt 00:00:25]} 40. Ra7
{[%clk 00:01:14]} {[%emt 00:01:02]} axb3 {[%clk 00:28:28]} {[%emt 00:00:38]}
41. Rxa3 {[%clk 00:01:24]} {[%emt 00:00:20]} bxa3 {[%clk 00:28:52]} {[%emt
00:00:06]} 42. Bxb3 {[%clk 00:01:52]} {[%emt 00:00:03]} Kg6 {[%clk 00:28:42]}
{[%emt 00:00:39]} 43. h3 {[%clk 00:29:48]} {[%emt 00:02:34]} Kf6 {[%clk
00:58:58]} {[%emt 00:00:14]} 44. Bd5 {[%clk 00:29:43]} {[%emt 00:00:35]} Bb4
{[%clk 00:57:07]} {[%emt 00:02:22]} 45. g4 {[%clk 00:29:33]} {[%emt 00:00:39]}
Ke7 {[%clk 00:56:34]} {[%emt 00:01:03]} 46. Ke2 {[%clk 00:29:42]} {[%emt
00:00:21]} Kd6 {[%clk 00:56:52]} {[%emt 00:00:12]} 47. Kd3 {[%clk 00:30:01]}
{[%emt 00:00:11]} Kc5 {[%clk 00:55:15]} {[%emt 00:02:08]} 48. Ba2 {[%clk
00:30:25]} {[%emt 00:00:06]} Ba5 {[%clk 00:55:35]} {[%emt 00:00:09]} 49. Bg8
{[%clk 00:30:48]} {[%emt 00:00:07]} Bd8 {[%clk 00:55:50]} {[%emt 00:00:16]} 50.
Ba2 {[%clk 00:31:09]} {[%emt 00:00:08]} Kd6 {[%clk 00:55:40]} {[%emt 00:00:40]}
51. Ke2 {[%clk 00:31:32]} {[%emt 00:00:06]} Be7 {[%clk 00:55:58]} {[%emt
00:00:14]} 52. Bd5 {[%clk 00:31:57]} {[%emt 00:00:05]} Kc5 {[%clk 00:56:13]}
{[%emt 00:00:15]} 53. Kd3 {[%clk 00:32:24]} {[%emt 00:00:03]} Kb4 {[%clk
00:56:35]} {[%emt 00:00:07]} 54. Ba2 {[%clk 00:32:48]} {[%emt 00:00:05]} Bf8
{[%clk 00:56:58]} {[%emt 00:00:07]} 55. Bd5 {[%clk 00:33:14]} {[%emt 00:00:05]}
g6 {[%clk 00:54:44]} {[%emt 00:02:44]} 56. Ba2 {[%clk 00:33:38]} {[%emt
00:00:05]} h5 {[%clk 00:55:09]} {[%emt 00:00:06]} 57. gxh5 {[%clk 00:34:03]}
{[%emt 00:00:05]} gxh5 {[%clk 00:55:26]} {[%emt 00:00:14]} 1/2-1/2

[Event "DEM U16 2023"]
[Site "Willingen GER"]
[Date "2023.06.01"]
[Round "7"]
[White "Pfeffer, Samuel"]
[Black "Ohler, Julius"]
[Result "0-1"]
[Termination "normal"]
[Board "10"]
[WhiteElo "1504"]
[BlackElo "2220"]
[WhiteClock "00:16:44"]
[BlackClock "00:25:02"]
[PlyCount "90"]
[WhiteFideId "16249160"]
[BlackFideId "16238982"]
[EventCountry "GER"]
[EventRounds "9"]
[EventType "swiss"]
[EventDate "2023.05.27"]

1. d4 {[%clk 01:30:43]} {[%emt 00:00:17]} Nf6 {[%clk 01:30:53]} {[%emt
00:00:06]} 2. c4 {[%clk 01:30:50]} {[%emt 00:00:24]} e6 {[%clk 01:31:19]}
{[%emt 00:00:04]} 3. Nc3 {[%clk 01:30:59]} {[%emt 00:00:22]} Bb4 {[%clk
01:31:45]} {[%emt 00:00:04]} 4. e3 {[%clk 01:31:07]} {[%emt 00:00:22]} b6
{[%clk 01:32:10]} {[%emt 00:00:05]} 5. Nge2 {[%clk 01:29:57]} {[%emt 00:01:40]}
Ba6 {[%clk 01:32:06]} {[%emt 00:00:34]} 6. a3 {[%clk 01:29:02]} {[%emt
00:01:26]} Bxc3+ {[%clk 01:32:29]} {[%emt 00:00:06]} 7. Nxc3 {[%clk 01:29:25]}
{[%emt 00:00:06]} d5 {[%clk 01:29:54]} {[%emt 00:03:06]} 8. Be2 {[%clk
01:24:21]} {[%emt 00:05:34]} O-O {[%clk 01:26:00]} {[%emt 00:04:23]} 9. cxd5
{[%clk 01:19:53]} {[%emt 00:04:58]} Bxe2 {[%clk 01:26:25]} {[%emt 00:00:06]}
10. Nxe2 {[%clk 01:19:54]} {[%emt 00:00:28]} exd5 {[%clk 01:26:43]} {[%emt
00:00:13]} 11. O-O {[%clk 01:12:56]} {[%emt 00:07:28]} Re8 {[%clk 01:25:41]}
{[%emt 00:01:31]} 12. Nf4 {[%clk 01:09:59]} {[%emt 00:03:27]} c6 {[%clk
01:24:37]} {[%emt 00:01:35]} 13. Qc2 {[%clk 01:09:18]} {[%emt 00:01:10]} Qd6
{[%clk 01:21:49]} {[%emt 00:03:18]} 14. Bd2 {[%clk 01:03:19]} {[%emt 00:06:30]}
Nbd7 {[%clk 01:22:02]} {[%emt 00:00:16]} 15. Rae1 {[%clk 01:01:21]} {[%emt
00:02:28]} Rac8 {[%clk 01:22:09]} {[%emt 00:00:23]} 16. Qd3 {[%clk 01:01:19]}
{[%emt 00:00:32]} h6 {[%clk 01:15:04]} {[%emt 00:07:35]} 17. f3 {[%clk
01:00:18]} {[%emt 00:01:30]} c5 {[%clk 01:13:12]} {[%emt 00:02:22]} 18. Bc3
{[%clk 01:00:09]} {[%emt 00:00:40]} c4 {[%clk 01:13:22]} {[%emt 00:00:21]} 19.
Qd2 {[%clk 00:58:57]} {[%emt 00:01:42]} a5 {[%clk 01:13:31]} {[%emt 00:00:20]}
20. g4 {[%clk 00:53:49]} {[%emt 00:05:37]} Re7 {[%clk 01:03:39]} {[%emt
00:10:23]} 21. Re2 {[%clk 00:49:38]} {[%emt 00:04:41]} Rce8 {[%clk 01:03:12]}
{[%emt 00:00:57]} 22. Rfe1 {[%clk 00:49:43]} {[%emt 00:00:25]} Nh7 {[%clk
00:58:01]} {[%emt 00:05:41]} 23. Qc2 {[%clk 00:48:29]} {[%emt 00:01:44]} Ng5
{[%clk 00:53:29]} {[%emt 00:05:02]} 24. Kg2 {[%clk 00:48:49]} {[%emt 00:00:09]}
Nf6 {[%clk 00:52:53]} {[%emt 00:01:07]} 25. h4 {[%clk 00:47:24]} {[%emt
00:01:56]} Ne6 {[%clk 00:52:44]} {[%emt 00:00:38]} 26. Nh3 {[%clk 00:45:52]}
{[%emt 00:02:02]} Nf8 {[%clk 00:51:40]} {[%emt 00:01:35]} 27. Nf4 {[%clk
00:38:11]} {[%emt 00:08:10]} g6 {[%clk 00:38:10]} {[%emt 00:14:01]} 28. Qc1
{[%clk 00:31:55]} {[%emt 00:06:47]} g5 {[%clk 00:34:01]} {[%emt 00:04:38]} 29.
hxg5 {[%clk 00:31:33]} {[%emt 00:00:53]} hxg5 {[%clk 00:34:26]} {[%emt
00:00:04]} 30. Nh3 {[%clk 00:31:51]} {[%emt 00:00:11]} Ng6 {[%clk 00:34:53]}
{[%emt 00:00:04]} 31. Nxg5 {[%clk 00:30:25]} {[%emt 00:01:57]} Nf4+ {[%clk
00:35:11]} {[%emt 00:00:11]} 32. exf4 {[%clk 00:25:27]} {[%emt 00:05:28]} Rxe2+
{[%clk 00:35:37]} {[%emt 00:00:05]} 33. Rxe2 {[%clk 00:25:01]} {[%emt
00:00:56]} Rxe2+ {[%clk 00:36:02]} {[%emt 00:00:05]} 34. Kg3 {[%clk 00:25:22]}
{[%emt 00:00:08]} Qe7 {[%clk 00:24:18]} {[%emt 00:12:15]} 35. Bd2 {[%clk
00:25:06]} {[%emt 00:00:46]} b5 {[%clk 00:23:41]} {[%emt 00:01:07]} 36. Bxa5
{[%clk 00:24:48]} {[%emt 00:00:49]} Qe3 {[%clk 00:24:07]} {[%emt 00:00:03]} 37.
Qxe3 {[%clk 00:24:44]} {[%emt 00:00:34]} Rxe3 {[%clk 00:24:34]} {[%emt
00:00:03]} 38. Kf2 {[%clk 00:21:28]} {[%emt 00:03:45]} Rb3 {[%clk 00:22:22]}
{[%emt 00:02:42]} 39. Bc3 {[%clk 00:21:49]} {[%emt 00:00:09]} Nd7 {[%clk
00:22:48]} {[%emt 00:00:05]} 40. Nh3 {[%clk 00:18:05]} {[%emt 00:04:14]} Nb6
{[%clk 00:23:13]} {[%emt 00:00:05]} 41. Ng1 {[%clk 00:18:25]} {[%emt 00:00:10]}
Na4 {[%clk 00:23:38]} {[%emt 00:00:06]} 42. Ne2 {[%clk 00:18:43]} {[%emt
00:00:10]} Nxb2 {[%clk 00:23:46]} {[%emt 00:00:23]} 43. Ke1 {[%clk 00:16:43]}
{[%emt 00:02:30]} Nd3+ {[%clk 00:24:11]} {[%emt 00:00:05]} 44. Kd2 {[%clk
00:16:59]} {[%emt 00:00:14]} Rxa3 {[%clk 00:24:37]} {[%emt 00:00:05]} 45. f5
{[%clk 00:16:44]} {[%emt 00:00:45]} b4 {[%clk 00:25:02]} {[%emt 00:00:05]} 0-1

[Event "DEM U16 2023"]
[Site "Willingen GER"]
[Date "2023.06.01"]
[Round "7"]
[White "Müller, Maximilian"]
[Black "Reichmann, Felix"]
[Result "1/2-1/2"]
[Termination "normal"]
[Board "11"]
[WhiteElo "1908"]
[BlackElo "1976"]
[WhiteClock "00:39:16"]
[BlackClock "00:15:37"]
[PlyCount "122"]
[WhiteFideId "16243552"]
[BlackFideId "16238290"]
[EventCountry "GER"]
[EventRounds "9"]
[EventType "swiss"]
[EventDate "2023.05.27"]

1. e4 {[%clk 01:30:59]} {[%emt 00:35:56]} c5 {[%clk 01:30:43]} {[%emt
00:00:16]} 2. Nf3 {[%clk 01:31:23]} {[%emt 00:00:06]} Nc6 {[%clk 01:30:18]}
{[%emt 00:00:57]} 3. Bb5 {[%clk 01:31:48]} {[%emt 00:00:04]} e5 {[%clk
01:30:21]} {[%emt 00:00:27]} 4. O-O {[%clk 01:31:40]} {[%emt 00:00:39]} Bd6
{[%clk 01:30:04]} {[%emt 00:00:47]} 5. d4 {[%clk 01:24:21]} {[%emt 00:07:49]}
Nxd4 {[%clk 01:25:02]} {[%emt 00:05:32]} 6. Bc4 {[%clk 01:24:49]} {[%emt
00:00:03]} Nxf3+ {[%clk 01:15:23]} {[%emt 00:10:09]} 7. Qxf3 {[%clk 01:25:17]}
{[%emt 00:00:01]} Qf6 {[%clk 01:08:25]} {[%emt 00:07:28]} 8. Qd3 {[%clk
01:16:35]} {[%emt 00:09:12]} Bb8 {[%clk 01:02:11]} {[%emt 00:06:44]} 9. Be3
{[%clk 01:11:47]} {[%emt 00:05:17]} d6 {[%clk 00:59:56]} {[%emt 00:02:46]} 10.
f4 {[%clk 01:09:24]} {[%emt 00:02:53]} Be6 {[%clk 00:52:34]} {[%emt 00:07:52]}
11. Bb5+ {[%clk 01:03:52]} {[%emt 00:06:01]} Kf8 {[%clk 00:52:29]} {[%emt
00:00:35]} 12. Nc3 {[%clk 00:57:13]} {[%emt 00:07:09]} exf4 {[%clk 00:36:34]}
{[%emt 00:16:25]} 13. Bxf4 {[%clk 00:57:02]} {[%emt 00:00:40]} Qd4+ {[%clk
00:35:31]} {[%emt 00:01:34]} 14. Qxd4 {[%clk 00:57:20]} {[%emt 00:00:12]} cxd4
{[%clk 00:36:00]} {[%emt 00:00:01]} 15. Ne2 {[%clk 00:57:49]} {[%emt 00:00:01]}
a6 {[%clk 00:31:32]} {[%emt 00:04:58]} 16. Bd3 {[%clk 00:58:13]} {[%emt
00:00:05]} Ke7 {[%clk 00:28:59]} {[%emt 00:03:05]} 17. Nxd4 {[%clk 00:57:19]}
{[%emt 00:01:22]} Ba7 {[%clk 00:28:37]} {[%emt 00:00:53]} 18. c3 {[%clk
00:54:44]} {[%emt 00:03:05]} h6 {[%clk 00:27:54]} {[%emt 00:01:13]} 19. Kh1
{[%clk 00:54:04]} {[%emt 00:01:10]} g5 {[%clk 00:24:09]} {[%emt 00:04:15]} 20.
Bg3 {[%clk 00:53:48]} {[%emt 00:00:45]} Bb8 {[%clk 00:20:17]} {[%emt 00:04:23]}
21. Rad1 {[%clk 00:51:18]} {[%emt 00:02:59]} Nf6 {[%clk 00:16:27]} {[%emt
00:04:21]} 22. Nf5+ {[%clk 00:51:41]} {[%emt 00:00:06]} Bxf5 {[%clk 00:16:44]}
{[%emt 00:00:12]} 23. Rxf5 {[%clk 00:51:12]} {[%emt 00:00:58]} Nd7 {[%clk
00:16:18]} {[%emt 00:00:57]} 24. Bc4 {[%clk 00:49:28]} {[%emt 00:02:14]} f6
{[%clk 00:14:34]} {[%emt 00:02:14]} 25. Bd5 {[%clk 00:48:23]} {[%emt 00:01:34]}
Ra7 {[%clk 00:14:44]} {[%emt 00:00:21]} 26. Bf2 {[%clk 00:48:43]} {[%emt
00:00:10]} b6 {[%clk 00:15:09]} {[%emt 00:00:05]} 27. Bd4 {[%clk 00:47:54]}
{[%emt 00:01:19]} Rc7 {[%clk 00:13:04]} {[%emt 00:02:36]} 28. Rdf1 {[%clk
00:47:45]} {[%emt 00:00:38]} Rf8 {[%clk 00:13:30]} {[%emt 00:00:05]} 29. Bb3
{[%clk 00:39:39]} {[%emt 00:08:37]} Ba7 {[%clk 00:13:25]} {[%emt 00:00:35]} 30.
a4 {[%clk 00:38:53]} {[%emt 00:01:15]} Ne5 {[%clk 00:09:00]} {[%emt 00:04:56]}
31. Rd1 {[%clk 00:36:54]} {[%emt 00:02:28]} Rd7 {[%clk 00:08:08]} {[%emt
00:01:24]} 32. Rf2 {[%clk 00:35:26]} {[%emt 00:01:56]} Rfd8 {[%clk 00:07:28]}
{[%emt 00:01:11]} 33. h3 {[%clk 00:32:29]} {[%emt 00:03:26]} b5 {[%clk
00:05:33]} {[%emt 00:02:25]} 34. Bd5 {[%clk 00:31:19]} {[%emt 00:01:40]} Rc8
{[%clk 00:04:14]} {[%emt 00:01:49]} 35. Rdf1 {[%clk 00:31:20]} {[%emt
00:00:30]} Rf8 {[%clk 00:04:30]} {[%emt 00:00:14]} 36. Bxa7 {[%clk 00:27:08]}
{[%emt 00:04:42]} Rxa7 {[%clk 00:04:55]} {[%emt 00:00:05]} 37. Ra1 {[%clk
00:27:31]} {[%emt 00:00:05]} b4 {[%clk 00:03:36]} {[%emt 00:01:50]} 38. Rc2
{[%clk 00:25:24]} {[%emt 00:02:38]} Rc8 {[%clk 00:03:41]} {[%emt 00:00:25]} 39.
c4 {[%clk 00:23:34]} {[%emt 00:02:20]} a5 {[%clk 00:03:33]} {[%emt 00:00:37]}
40. b3 {[%clk 00:23:58]} {[%emt 00:00:06]} Rac7 {[%clk 00:03:13]} {[%emt
00:00:51]} 41. Rf1 {[%clk 00:19:56]} {[%emt 00:04:31]} Rh8 {[%clk 00:00:36]}
{[%emt 00:03:07]} 42. Rcf2 {[%clk 00:20:12]} {[%emt 00:00:14]} Nd7 {[%clk
00:00:41]} {[%emt 00:00:25]} 43. g3 {[%clk 00:20:11]} {[%emt 00:00:31]} Rcc8
{[%clk 00:30:13]} {[%emt 00:00:58]} 44. Rf5 {[%clk 00:46:12]} {[%emt 00:04:29]}
Rcf8 {[%clk 00:29:45]} {[%emt 00:00:58]} 45. Kg2 {[%clk 00:43:47]} {[%emt
00:02:55]} Ne5 {[%clk 00:26:37]} {[%emt 00:03:39]} 46. Kf2 {[%clk 00:42:52]}
{[%emt 00:01:24]} h5 {[%clk 00:20:59]} {[%emt 00:06:09]} 47. Ke3 {[%clk
00:42:53]} {[%emt 00:00:30]} h4 {[%clk 00:21:10]} {[%emt 00:00:19]} 48. g4
{[%clk 00:43:14]} {[%emt 00:00:08]} Rh6 {[%clk 00:20:44]} {[%emt 00:00:56]} 49.
Rc1 {[%clk 00:43:14]} {[%emt 00:00:29]} Rc8 {[%clk 00:21:09]} {[%emt 00:00:04]}
50. Rc2 {[%clk 00:42:04]} {[%emt 00:01:40]} Rc5 {[%clk 00:20:21]} {[%emt
00:01:19]} 51. Rcf2 {[%clk 00:41:08]} {[%emt 00:01:26]} Nd7 {[%clk 00:20:27]}
{[%emt 00:00:25]} 52. Kd4 {[%clk 00:40:35]} {[%emt 00:01:01]} Rh8 {[%clk
00:19:41]} {[%emt 00:01:18]} 53. Rf1 {[%clk 00:40:30]} {[%emt 00:00:36]} Rf8
{[%clk 00:20:04]} {[%emt 00:00:06]} 54. Kd3 {[%clk 00:40:32]} {[%emt 00:00:29]}
Ne5+ {[%clk 00:19:55]} {[%emt 00:00:39]} 55. Kd4 {[%clk 00:40:27]} {[%emt
00:00:33]} Ng6 {[%clk 00:20:01]} {[%emt 00:00:25]} 56. R1f3 {[%clk 00:39:47]}
{[%emt 00:01:10]} Rc7 {[%clk 00:18:26]} {[%emt 00:02:06]} 57. Ke3 {[%clk
00:39:17]} {[%emt 00:00:59]} Ne5 {[%clk 00:18:41]} {[%emt 00:00:16]} 58. Rf2
{[%clk 00:39:34]} {[%emt 00:00:12]} Nd7 {[%clk 00:18:54]} {[%emt 00:00:18]} 59.
Kd2 {[%clk 00:39:45]} {[%emt 00:00:20]} Rc5 {[%clk 00:18:40]} {[%emt 00:00:44]}
60. Ke3 {[%clk 00:39:35]} {[%emt 00:00:39]} Re8 {[%clk 00:16:49]} {[%emt
00:02:21]} 61. Kd2 {[%clk 00:39:16]} {[%emt 00:00:49]} Rf8 {[%clk 00:15:37]}
{[%emt 00:01:43]} 1/2-1/2

[Event "DEM U16 2023"]
[Site "Willingen GER"]
[Date "2023.06.01"]
[Round "7"]
[White "Peglau, Charis"]
[Black "Schulz, Bruno Andreas"]
[Result "1-0"]
[Termination "normal"]
[Board "12"]
[WhiteTitle "WFM"]
[WhiteElo "2114"]
[BlackElo "1796"]
[WhiteClock "00:36:22"]
[BlackClock "00:47:18"]
[PlyCount "55"]
[WhiteFideId "16219996"]
[BlackFideId "34618473"]
[EventCountry "GER"]
[EventRounds "9"]
[EventType "swiss"]
[EventDate "2023.05.27"]

1. f4 {[%clk 01:30:57]} {[%emt 00:00:02]} e6 {[%clk 01:30:40]} {[%emt
00:00:22]} 2. Nf3 {[%clk 01:31:06]} {[%emt 00:00:19]} Nf6 {[%clk 01:30:53]}
{[%emt 00:00:18]} 3. e3 {[%clk 01:31:00]} {[%emt 00:00:36]} c5 {[%clk
01:30:53]} {[%emt 00:00:31]} 4. b3 {[%clk 01:30:51]} {[%emt 00:00:39]} Nc6
{[%clk 01:31:10]} {[%emt 00:00:12]} 5. Bb2 {[%clk 01:30:58]} {[%emt 00:00:23]}
d5 {[%clk 01:31:16]} {[%emt 00:00:25]} 6. Be2 {[%clk 01:30:36]} {[%emt
00:00:51]} d4 {[%clk 01:31:26]} {[%emt 00:00:19]} 7. O-O {[%clk 01:14:10]}
{[%emt 00:16:56]} Be7 {[%clk 01:30:38]} {[%emt 00:01:19]} 8. Na3 {[%clk
01:12:01]} {[%emt 00:02:40]} O-O {[%clk 01:30:15]} {[%emt 00:00:52]} 9. Nc4
{[%clk 01:06:37]} {[%emt 00:05:53]} a6 {[%clk 01:28:14]} {[%emt 00:02:32]} 10.
Nce5 {[%clk 01:02:42]} {[%emt 00:04:25]} dxe3 {[%clk 01:22:05]} {[%emt
00:06:39]} 11. Nxc6 {[%clk 01:00:06]} {[%emt 00:03:06]} bxc6 {[%clk 01:22:10]}
{[%emt 00:00:24]} 12. dxe3 {[%clk 01:00:25]} {[%emt 00:00:11]} Bb7 {[%clk
01:22:05]} {[%emt 00:00:36]} 13. Ne5 {[%clk 01:00:21]} {[%emt 00:00:33]} Nd5
{[%clk 01:19:30]} {[%emt 00:03:05]} 14. Rf3 {[%clk 01:00:14]} {[%emt 00:00:37]}
f6 {[%clk 01:19:34]} {[%emt 00:00:26]} 15. Nc4 {[%clk 00:59:04]} {[%emt
00:01:40]} Nb4 {[%clk 01:18:36]} {[%emt 00:01:29]} 16. a3 {[%clk 00:51:05]}
{[%emt 00:08:29]} Nd5 {[%clk 01:14:29]} {[%emt 00:04:36]} 17. Bd3 {[%clk
00:46:38]} {[%emt 00:04:56]} Nb6 {[%emt 00:07:49]} 18. Rh3 {[%clk 00:39:54]}
{[%emt 00:07:00]} f5 {[%clk 00:58:31]} {[%emt 00:09:23]} 19. Qh5 {[%clk
00:38:55]} {[%emt 00:01:28]} Nxc4 {[%clk 00:55:11]} {[%emt 00:03:50]} 20. Bxc4
{[%clk 00:37:14]} {[%emt 00:02:10]} Bc8 {[%clk 00:54:42]} {[%emt 00:01:00]} 21.
Qxh7+ {[%clk 00:36:16]} {[%emt 00:01:28]} Kf7 {[%clk 00:54:55]} {[%emt
00:00:18]} 22. Qxg7+ {[%clk 00:36:24]} {[%emt 00:00:21]} Ke8 {[%clk 00:55:14]}
{[%emt 00:00:11]} 23. Qg6+ {[%clk 00:36:41]} {[%emt 00:00:13]} Rf7 {[%clk
00:49:47]} {[%emt 00:05:56]} 24. Rh7 {[%clk 00:35:15]} {[%emt 00:01:56]} Qd6
{[%clk 00:48:22]} {[%emt 00:01:55]} 25. Qxf7+ {[%clk 00:35:23]} {[%emt
00:00:23]} Kd8 {[%clk 00:47:45]} {[%emt 00:01:05]} 26. Be5 {[%clk 00:35:37]}
{[%emt 00:00:17]} Qd7 {[%clk 00:47:32]} {[%emt 00:00:44]} 27. Rh8+ {[%clk
00:35:59]} {[%emt 00:00:07]} Qe8 {[%clk 00:47:18]} {[%emt 00:00:46]} 28. Qxe8#
{[%clk 00:36:22]} {[%emt 00:00:05]} 1-0